Fisiología médica
Сохранить в:
| Главный автор: | |
|---|---|
| Формат: | |
| Язык: | испанский |
| Опубликовано: |
Ciudad de México
El Manual Moderno
1982
|
| Редактирование: | 8a. ed |
| Предметы: | |
| Метки: |
Добавить метку
Нет меток, Требуется 1-ая метка записи!
|
MARC
| LEADER | 00000nam a2200000 a 4500 | ||
|---|---|---|---|
| 001 | UCZ0308 | ||
| 003 | CL-VaPUC | ||
| 005 | 20241218115228.0 | ||
| 008 | 950728e19820000MX |||||||||||||||||spa|d | ||
| 999 | |c 237261 |d 237259 | ||
| 040 | |c Pontificia Universidad Católica de Valparaíso | ||
| 082 | 0 | 4 | |a 612 |b GAN |2 21 |
| 100 | |a Ganong, William Francis |e author |9 574663 | ||
| 245 | 1 | 0 | |a Fisiología médica |
| 250 | |a 8a. ed | ||
| 260 | |a Ciudad de México |b El Manual Moderno |c 1982 | ||
| 300 | |a 660 p | ||
| 583 | |a last modification |c 19950728 00:00:00 |k Rodrigo Vera | ||
| 650 | 7 | |a Fisiología medica |x Fisiología celular |2 CL-VaPUC |9 343062 | |
| 650 | 0 | |a Fisiología humana |x Cuerpo humano |9 266815 | |
| 650 | 0 | |a Neurofisiología |9 335883 | |
| 942 | |c BK |2 ddc | ||
| 945 | |d 19950728 00:00:00 |a awong | ||
| 952 | |0 0 |1 0 |4 0 |6 612_000000000000000_GAN_1982 |7 0 |8 A |9 246165 |a BIBCUR |b BIBCUR |d 2019-11-18 |i 2009218 |l 1 |m 1 |o 612 GAN 1982 |p 2009218 |r 2025-04-22 |s 2022-03-14 |w 2019-11-18 |y BK |k BCB | ||